Reconociendo mi identidad ocupacional para promover mi resiliencia : guía de orientación para transformar realidades y construir segundas oportunidades /

Detalles Bibliográficos
Autor principal: Contreras Jáuregui, Magda Milena (Autor)
Formato: Electrónico eBook
Lenguaje:español
Publicado: [Pamplona, Colombia] : Sello Editorial Unipamplona, [2023]
Materias:
Acceso en línea:Digitalia Hispánica

MARC

LEADER 00000nam a2200000 i 4500
001 DIGUPAMP0054
003 NyNyDIG
007 cr |||||||||||
008 250903s2023 ck ob 000 0 spa d
006 m o d
035 |a (OCoLC)1536545717 
040 |a DGITA  |b eng  |e rda  |e pn  |c DGITA 
020 |a 9786287656130 
050 1 4 |a BF698.35.R47 ebook 
245 0 0 |a Reconociendo mi identidad ocupacional para promover mi resiliencia :  |b guía de orientación para transformar realidades y construir segundas oportunidades /  |c Magda Milena Contreras Jáuregui [and 4 others]. 
264 1 |a [Pamplona, Colombia] :  |b Sello Editorial Unipamplona,  |c [2023] 
300 |a 1 online resource :  |b color illustrations. 
336 |a text  |b txt  |2 rdacontent 
337 |a computer  |b c  |2 rdamedia 
338 |a online resource  |b cr  |2 rdacarrier 
347 |a text file  |2 rdaft 
347 |b PDF 
504 |a Includes bibliographical references and index. 
588 0 |a Online resource; title from PDF title page (Digitalia, viewed September 3, 2025) 
650 0 |a Resilience (Personality trait) 
700 1 |a Contreras Jáuregui, Magda Milena,  |e author. 
791 2 |a Digitalia (Firm),  |e distributor. 
793 0 |g Digitalia eBook Collection:  |a Universidad de Pamplona 
856 4 0 |3 Digitalia Hispánica  |u https://www.digitaliapublishing.com/a/175701/ 
910 |a Premium collection: 2025